Szczegóły MARC
| 000 -ETYKIETA REKORDU |
| podpole kontrolne o stałej długości |
02475njm a2200565 i 4500 |
| 001 - NUMER KONTROLNY REKORDU |
| pole kontrolne |
34967 |
| 003 - IDENTYFIKATOR NUMERU KONTROLNEGO REKORDU |
| podpole kontrolne |
KOSZ 005 |
| 005 - DATA OSTATNIEJ MODYFIKACJI REKORDU |
| podpole kontrolne |
20240405063104.0 |
| 007 - DANE KONTROLNE - FORMA FIZYCZNA DOKUMENTU |
| podpole kontrolne o stałej długości |
sd fsngnnmmned |
| 008 - POLE O STAŁEJ DŁUGOŚCI - DANE KONTROLNE |
| podpole kontrolne o stałej długości |
061010s2005 pl munn i 000 0 d |
| 020 ## - MIĘDZYNARODOWY ZNORMALIZOWANY NUMER KSIĄŻKI - ISBN |
| ISBN |
8360004188 |
| 020 ## - MIĘDZYNARODOWY ZNORMALIZOWANY NUMER KSIĄŻKI - ISBN |
| ISBN |
8360004064 |
| 040 ## - ŹRÓDŁO KATALOGOWANIA |
| Instytucja, która utworzyła rekord |
KOSZ 005 |
| Instytucja, która sporządziła opis |
KOSZ 005 |
| Instytucja, która dokonała modyfikacji |
KOSZ 005/AR |
| 041 0# - KOD JĘZYKA |
| Kod języka tekstu |
pol |
| 046 ## - DATY KODOWANE |
| Pojedyncza data lub początek okresu powstania dzieła lub zbioru dzieł |
2005 |
| 080 ## - UNIWERSALNA KLASYFIKACJA DZIESIĘTNA - UKD |
| UKD |
780.8:780.616(44) |
| 080 ## - UNIWERSALNA KLASYFIKACJA DZIESIĘTNA - UKD |
| UKD |
(086.7) |
| 100 1# - NAZWA OSOBOWA |
| Nazwa osobowa |
Satie, Erik |
| Daty związane z nazwą |
(1866-1925) |
| Określenie rodzaju współpracy |
Kompozytor |
| 245 10 - TYTUŁ/ODPOWIEDZIALNOŚĆ |
| Tytuł |
Satie / |
| Pozostałe elementy strefy tytułu i oznaczenia odpowiedzialności |
Erik Satie. |
| 260 ## - STREFA ADRESU WYDAWNICZEGO |
| Miejsce wydania |
Warszawa : |
| Nazwa wydawcy/dystrybutora |
Mediasat Poland, |
| Data publikacji, dystrybucji/powstania dokumentu |
2005. |
| 300 ## - STREFA OPISU FIZYCZNEGO |
| Objętość |
1 płyta CD (63 min 35 s) : |
| Inne cechy fizyczne |
zapis cyfrowy, stereo ; |
| Rozmiary |
12 cm + |
| Dokument towarzyszący |
1 dodatek : 43 strony : ilustracje ; 13 cm x 14 cm. |
| 336 ## - TYP ZAWARTOŚCI |
| Źródło (terminu i kodu) |
rdacontent |
| Termin opisujący typ zawartości |
Nagranie muzyczne |
| Kod określający zawartość |
prm |
| 336 ## - TYP ZAWARTOŚCI |
| Źródło (terminu i kodu) |
rdacontent |
| Wyszczególnienie materiału |
Dodatek |
| Termin opisujący typ zawartości |
Tekst |
| Kod określający zawartość |
txt |
| 337 ## - TYP MEDIÓW |
| Źródło (terminu i kodu) |
rdamedia |
| Tryb odtwarzania |
Audio |
| Kod typu mediów |
s |
| 337 ## - TYP MEDIÓW |
| Źródło (terminu i kodu) |
rdamedia |
| Tryb odtwarzania |
Komputer |
| Kod typu mediów |
c |
| 337 ## - TYP MEDIÓW |
| Źródło (terminu i kodu) |
rdamedia |
| Wyszczególnienie materiału |
Dodatek |
| Tryb odtwarzania |
Bez urządzenia pośredniczącego |
| Kod typu mediów |
n |
| 338 ## - TYP/RODZAJ NOŚNIKA |
| Źródło (terminu i kodu) |
rdacarrier |
| Hasło opisujące typ nośnika |
Płyta audio |
| Kod typu nośnika |
|
| 338 ## - TYP/RODZAJ NOŚNIKA |
| Źródło (terminu i kodu) |
rdacarrier |
| Wyszczególnienie materiału |
Dodatek |
| Hasło opisujące typ nośnika |
Wolumin |
| Kod typu nośnika |
|
| 380 ## - FORMA I TYP PUBLIKACJI |
| Forma i typ publikacji |
Muzyka |
| 388 ## - CZAS POWSTANIA |
| Czas powstania |
1801-1900 |
| 388 ## - CZAS POWSTANIA |
| Czas powstania |
1901-2000 |
| 490 1# - STREFA SERII I DOKUMENTU WIELOCZĘŚCIOWEGO - FORMA NIE DO WYSZUKIWANIA |
| Tytuł i oznaczenie odpowiedzialności serii |
Biblioteka Gazety Wyborczej. Wielcy Kompozytorzy ; |
| Numeracja w obrębie serii |
12 |
| 500 ## - UWAGI OGÓLNE |
| Tekst uwagi |
Tekst komentarza: Agnieszka Draus. |
| 500 ## - UWAGI OGÓLNE |
| Tekst uwagi |
Wykonanie.: Patrick Cohen, fortepian Érard ok. 1855. |
| 500 ## - UWAGI OGÓLNE |
| Tekst uwagi |
Nagranie: Iglesia de Miguel, Cuenca, Hiszpania, grudzień 1997. |
| 505 ## - SFORMALIZOWANA UWAGA DOTYCZĄCA ZAWARTOŚCI |
| Pełny tekst uwagi |
Utwory na fortepian. Gnossiene ; II Gnosienne ; III Gnosienne ; V Gnosienne ; Danse de travers III (Pices froides) ; IV Gnossienne ; Air à faire fuir I (Pièces froides) ; Danse de travers I (Pièces froides) ; Air faire fuir II (Pièces froides) ; Danse de travers II (Pièces froides) ; Petite ouverture à danser ; VI Gnossienne ; Première pensée de la Rose+Croix ; I Gymnopédie ; Caresse ; II Gymnopédie ; Air à faire fuir III (Pièces froides) ; III Gymnopédie ; I Sarabande ; Les Fils des Étoiles. L'initiation. |
| 600 17 - HASŁO PRZEDMIOTOWE W FORMIE NAZWY OSOBOWEJ |
| Nazwa osobowa |
Satie, Erik |
| Daty związane z nazwą |
(1866-1925) |
| 648 #7 - HASŁO PRZEDMIOTOWE - TERMIN CHRONOLOGICZNY |
| Termin chronologiczny |
1801-1900 |
| 648 #7 - HASŁO PRZEDMIOTOWE - TERMIN CHRONOLOGICZNY |
| Termin chronologiczny |
1901-2000 |
| 650 #9 - HASŁO PRZEDMIOTOWE W FORMIE NAZWY OGÓLNEJ LUB JEDNOSTKOWEJ |
| Nazwa ogólna lub geograficzna |
Kompozytorzy francuscy |
| 655 #7 - TERMIN INDEKSOWY - OKREŚLENIE RODZAJU/FORMY DOKUMENTU |
| Określenie rodzaju/formy dokumentu |
Dokumenty dźwiękowe |
| 655 #7 - TERMIN INDEKSOWY - OKREŚLENIE RODZAJU/FORMY DOKUMENTU |
| Określenie rodzaju/formy dokumentu |
Muzyka na fortepian |
| 655 #7 - TERMIN INDEKSOWY - OKREŚLENIE RODZAJU/FORMY DOKUMENTU |
| Określenie rodzaju/formy dokumentu |
Muzyka instrumentalna |
| 655 #7 - TERMIN INDEKSOWY - OKREŚLENIE RODZAJU/FORMY DOKUMENTU |
| Określenie rodzaju/formy dokumentu |
Muzyka poważna |
| 700 1# - HASŁO DODATKOWE - NAZWA OSOBOWA |
| Nazwa osobowa |
Cohen, Patrick |
| 700 1# - HASŁO DODATKOWE - NAZWA OSOBOWA |
| Nazwa osobowa |
Draus, Agnieszka |
| Określenie związku między hasłem a opisywanym materiałem |
Tekst |
| 710 #2 - HASŁO DODATKOWE - NAZWA CIAŁA ZBIOROWEGO |
| Nazwa ciała zbiorowego lub jednostki geograficznej |
Mediasat Poland |
| Określenie związku między hasłem a opisywanym materiałem |
Wydawca |
| 830 #0 - HASŁO DODATKOWE SERII LUB DOKUMENTU WIELOCZĘŚCIOWEGO - TYTUŁ UJEDNOLICONY |
| Tytuł ujednolicony |
Biblioteka Gazety Wyborczej. |
| Nazwa części/sekcji dzieła |
Wielcy Kompozytorzy |
| Oznaczenie tomu |
12 |
| 942 ## - DODATKOWE ELEMENTY (KOHA) |
| Typ dokumentu |
Płyta CD |
| Schemat klasyfikacji |
Uniwersalna Klasyfikacja Dziesiętna |